000 02972nam a2200241 4500
001 0000000518
005 20250329165509.0
008 170718s2023 000 0 eng d
040 _aCO-CtgCURN
_bspa
_ccoctgcurn
082 0 _aTSI 2023
_bM562
100 1 _aMeriño Torres, Daniel José.
245 1 0 _aDesarrollo de un Sistema de gestión de bolsa de empleo utilizando web Scraping /
_cDaniel José Meriño Torres; Edwin Enrique Bayuelo Bello; asesor: Luis Alfredo Blanquicett Benavides.
260 _aCartagena de Indias :
_bCorporación Universitaria Rafael Nuñez,
_c2023.
300 _a49 hojas.
504 _aTrabajo de grado (Tecnologo en sistemas de información y software). Corporación Universitaria Rafael Nuñez. Facultad de ingenieria de sistema. Tecnologia en sistema de información y software, 2023.
520 _a"El presente proyecto de grado se fundamenta en el desarrollo de un Sistema de Gestión de Bolsa de Empleo mediante la técnica de Web Scraping. Esta solución está diseñada para proporcionar a los usuarios la capacidad de explorar y acceder a oportunidades laborales desde una amplia variedad de portales de empleo líderes en el mercado. Este enfoque tecnológico no solo agiliza el proceso de búsqueda de empleo, sino que también garantiza la cobertura integral de las oportunidades disponibles en el panorama laboral. Con la implementación de este proyecto, se busca no solo mejorar la eficiencia en la búsqueda de empleo, sino también contribuir al desarrollo profesional de los usuarios al proporcionarles herramientas tecnológicas innovadoras y adaptativas. Este Sistema de Gestión de Bolsa de Empleo representa un paso hacia el futuro de la gestión laboral, fusionando la tecnología con la empleabilidad de manera integral y progresiva. No se limita a ser una solución práctica, es más una visión audaz del futuro de la gestión laboral. La fusión de la tecnología con la empleabilidad no es solo una integración superficial, sino un proceso integral y progresivo. Este sistema no solo se adapta a las necesidades actuales, sino que también está diseñado para evolucionar con las cambiantes demandas del mercado laboral. En este contexto, el proyecto se convierte en un catalizador de transformación. No solo busca mejorar la eficiencia y la efectividad en la búsqueda de empleo, sino que también tiene como objetivo empoderar a los usuarios con las herramientas necesarias para enfrentar los desafíos laborales modernos"
650 0 _aSistemas de información y software
_xTesis y disertaciones academicas.
700 1 _aBayuelo Bello, Edwin Enrique.
700 1 _aBlanquicett Benavides, Luis Alfredo,
_easesor.
856 _uhttps://unicurn.sharepoint.com/:w:/s/biblioteca/EVC7GgCfv6NFkaGXuQHV-BcBriayaYSdscBvtFWDfwIw_A?e=o0rLSl
_zClick aqui para ver el recurso en texto completo
942 _hTSI 2023
_iM562
_2ddc
_cTG
999 _c5977
_d5977